Network flow models for heat exchanger network synthesis /
Guardado en:
| Autor Principal: | |
|---|---|
| Otros Autores: | |
| Formato: | Libro |
| Idioma: | English |
| Publicado: |
Pittsburgh, Pa. :
Design Research Center,
1981.
|
| Materias: | |
| Etiquetas: |
Agregar Etiqueta
Sin Etiquetas, Sea el primero en etiquetar este registro!
|
| LEADER | 01010nam a22002295a 4500 | ||
|---|---|---|---|
| 001 | EIQ.libpla000473 | ||
| 008 | 060202s1981####paua#####b####000#0#eng#d | ||
| 005 | 20061109143200.0 | ||
| 245 | 1 | 0 | |a Network flow models for heat exchanger network synthesis / |c by Jaime Cerda and Arthur W. Westerberg. |
| 260 | |a Pittsburgh, Pa. : |b Design Research Center, |c 1981. | ||
| 300 | |a 2v : |b il., tablas ; |c 27 cm. | ||
| 500 | |a "This work was funded by NSF Grant No. CPE-780189". | ||
| 504 | |a Incluye referencias bibliográficas. | ||
| 505 | 1 | |a pt. 2. Finding minimum match solutions -- pt. 3. Solutions with stream splitting and cyclic structure. | |
| 100 | 1 | |a Cerda, Jaime. | |
| 700 | 1 | |a Westerberg, Arthur W. | |
| 650 | 4 | |a Procesos |x Redes de intercambio. | |
| 650 | 4 | |a Procesos |x Intercambiadores de calor | |
| 650 | 4 | |a Heat exchange |x Evolution of networks. | |
| 040 | |a AR-BbSID |b spa |c AR-BbSID | ||
| 859 | |a AR-BbSID |b BIB. PLAPIQUI |h 536.2 |i C 344 |p 3322 |v 2 |3 Parte 2 | ||
| 859 | |a AR-BbSID |b BIB. PLAPIQUI |h 536.2 |i C 344 |p 3323 |v 3 |3 Parte 3 | ||
